00846nam a2200241 4500999001500000001000600015003000900021005001700030008004100047020001500088020001800103040003800121082001600159100002500175245006500200260004700265300002200312504003800334650007400372650002400446942001200470952012200482 c8489d848922138BD-DhUAP20240325134348.0141023s2009 ii b 001 0 eng d a8178885328 a9788178885322 aBD-DhUAPbEngcBD-DhUAPdBD-DhUAP04a810 SHA223 aSharma, Rajendra P. aMikhail Bakhtin's Theory of the Novel /c Rajendra P Sharma. aNed delhi ;bDominant Publishers ,c2009 . a176 p. ;c22 cm. aIncludes index and Bibliography . 0aLiterature, Moderny20 th centuryxHistory and criticismvCongresses. 0aAmerican Literature 2ddccBK 00102ddc4070aUAPCLbUAPCLcGeneral Stacksd2024-03-25o810 SHAp3010022138r2024-03-25t1v891.00w2024-03-25yBK